Prenatal exposure to indoor air pollution and adverse birth outcomes in masaiti rural and Ndola urban districts of Zambia (Record no. 86021)

MARC details
000 -LEADER
fixed length control field 00759nam a2200229 4500
003 - CONTROL NUMBER IDENTIFIER
control field CBULib
005 - DATE AND TIME OF LATEST TRANSACTION
control field 20250205073731.0
008 - FIXED-LENGTH DATA ELEMENTS--GENERAL INFORMATION
fixed length control field 250205b |||||||| |||| 00| 0 eng d
040 ## - CATALOGING SOURCE
Language of cataloging English
Transcribing agency CBULib
Description conventions rda
Original cataloging agency CBULib
Modifying agency CBULib
050 ## - LIBRARY OF CONGRESS CALL NUMBER
Classification number CBU-PHDTHESIS/MUL
Item number 1
245 ## - TITLE STATEMENT
Title Prenatal exposure to indoor air pollution and adverse birth outcomes in masaiti rural and Ndola urban districts of Zambia
Statement of responsibility, etc /by David Mulenga
260 ## - PUBLICATION, DISTRIBUTION, ETC. (IMPRINT)
Place of publication, distribution, etc Ndola
Name of publisher, distributor, etc CBU
Date of publication, distribution, etc 2019
300 ## - PHYSICAL DESCRIPTION
Extent xix,67 pages : illustrations
336 ## - CONTENT TYPE
Source rdacontent
Content type term Text |
Content type code txt
337 ## - MEDIA TYPE
Source rdamedia
Media type term Unmediated |
Media type code n
338 ## - CARRIER TYPE
Source rdacarrier
Carrier type term Volume
Carrier type code nc
600 ## - SUBJECT ADDED ENTRY--PERSONAL NAME
Source of heading or term Mulenga,David
650 #0 - SUBJECT ADDED ENTRY--TOPICAL TERM
9 (RLIN) 4363
Topical term or geographic name as entry element PRENATAL
650 #0 - SUBJECT ADDED ENTRY--TOPICAL TERM
9 (RLIN) 68
Topical term or geographic name as entry element AIR--POLLUTION
650 #0 - SUBJECT ADDED ENTRY--TOPICAL TERM
9 (RLIN) 4364
Topical term or geographic name as entry element HEALTH OUTCOME
942 ## - ADDED ENTRY ELEMENTS (KOHA)
Source of classification or shelving scheme
Koha item type UNIVERSITY COLLECTION
Holdings
Withdrawn status Lost status Source of classification or shelving scheme Damaged status Not for loan Collection code Permanent Location Current Location Shelving location Date acquired Source of acquisition Full call number Barcode Date last seen Price effective from Koha item type
          Medical Library Collection CBU-SCHOOL OF MEDICINE LIBRARY, NDOLA. CBU-SCHOOL OF MEDICINE LIBRARY, NDOLA. School of Medicine Collection - Hospital Campus 02/05/2025 DEP-CBU DEP-CBU/02/2025 B95048 02/05/2025 02/05/2025 UNIVERSITY COLLECTION